La competitividad de las regiones españolas ante la economía del conocimiento / (Record no. 189041)

MARC details
000 -LEADER
campo de control de longitud fija 01074nam a2200289 i 4500
001 - NÚMERO DE CONTROL
campo de control 189041
003 - IDENTIFICADOR DE NÚMERO DE CONTROL
campo de control SpMaBN
005 - FECHA Y HORA DE LA ÚLTIMA TRANSACCIÓN
campo de control 20250902225557.0
008 - DATOS DE LONGITUD FIJA--INFORMACIÓN GENERAL
campo de control de longitud fija 190325s2017 sp bd |||| |dspa d
020 ## - NÚMERO INTERNACIONAL ESTÁNDAR DEL LIBRO
Número Internacional Estándar del Libro 978-84-92937-69-1
080 ## - NÚMERO DE LA CLASIFICACIÓN DECIMAL UNIVERSAL
Número de la Clasificación Decimal Universal 330.85(460)"19"
080 ## - NÚMERO DE LA CLASIFICACIÓN DECIMAL UNIVERSAL
Número de la Clasificación Decimal Universal 338.1(460)
245 03 - MENCIÓN DEL TÍTULO
Título La competitividad de las regiones españolas ante la economía del conocimiento /
Mención de responsabilidad, etc. dirigido por Ernest Reig Martínez ; Francisco Pérez García, Javier Quesada Ibáñez, Lorenzo Serrano Martínez ... [et al.].
250 ## - MENCION DE EDICION
Mención de edición 1ª ed.
260 ## - PUBLICACIÓN, DISTRIBUCIÓN, ETC.
Lugar de publicación, distribución, etc. Bilbao :
Nombre del editor, distribuidor, etc. Fundación BBVA,
Fecha de publicación, distribución, etc. 2017.
300 ## - DESCRIPCIÓN FÍSICA
Extensión 345 p. :
Otras características físicas gráf., mapas ;
Dimensiones 24 cm.
500 ## - NOTA GENERAL
Nota general Índices.
504 ## - NOTA DE BIBLIOGRAFÍA, ETC.
Nota de bibliografía, etc. Bibliografía: p. 321-329.
650 #7 - PUNTO DE ACCESO ADICIONAL DE MATERIA--TÉRMINO DE MATERIA
Término de materia o nombre geográfico como elemento de entrada Economía-
Subdivisión geográfica España-
Subdivisión cronológica S.XX.
9 (RLIN) 12011
650 #7 - PUNTO DE ACCESO ADICIONAL DE MATERIA--TÉRMINO DE MATERIA
Término de materia o nombre geográfico como elemento de entrada Economía del conocimiento-
Subdivisión geográfica España.
9 (RLIN) 166669
700 1# - ENTRADA AGREGADA--NOMBRE PERSONAL
Nombre de persona Reig, Ernest,
Fechas asociadas al nombre 1951-
9 (RLIN) 166670
700 1# - ENTRADA AGREGADA--NOMBRE PERSONAL
Nombre de persona Pérez, Francisco,
Fechas asociadas al nombre 1950-
9 (RLIN) 234242
710 2# - ENTRADA AGREGADA--NOMBRE DE ENTIDAD CORPORATIVA
Nombre de entidad corporativa o nombre de jurisdicción como elemento de entrada Fundación BBVA
9 (RLIN) 4230
852 ## - LOCALIZACIÓN
Ubicación ES-MaACL
Número de control de estantería A-14430
itemnumber 196178
Sublocalización o colección R.151775
Ubicación en estantería Depósito 1
Signatura antigua Olim: N-7430
942 ## - ELEMENTOS DE ENTRADA SECUNDARIOS (KOHA)
Fuente del sistema de clasificación o colocación Clasificación decimal universal
Holdings
Estatus retirado Estado de pérdida Fuente del sistema de clasificación o colocación Estado de daño No para préstamo Biblioteca de origen Biblioteca actual Ubicación en estantería Fecha de adquisición Fuente de adquisición Total de préstamos Signatura topográfica completa Código de barras Visto por última vez Precio de reemplazo Tipo de ítem Koha
    Clasificación decimal universal     Biblioteca del Ateneo de Madrid Biblioteca del Ateneo de Madrid Depósito 1 25/03/2019 Donación   A-14430 1200211 23/02/2023 23/02/2023 Libro impreso